| 000 | 01306 a2200241 4500 | ||
|---|---|---|---|
| 003 | Nust | ||
| 005 | 20221013172233.0 | ||
| 010 | _a 95049623 | ||
| 040 | _cNust | ||
| 082 | 0 | 0 | _a551.1,KEA |
| 100 | 1 |
_aKearey, P. _915225 |
|
| 245 | 1 | 0 |
_aGlobal tectonics / _cPhilip Kearey, Frederick J. Vine. |
| 250 | _a2nd ed. | ||
| 260 |
_aBoston : _bBlackwell Science, _cc1996. |
||
| 300 |
_ax, 333 p. : _bill. ; _c25 cm. |
||
| 505 | _aHistorical Perspective (Page-1), Internal Structure of the Earth (Page-8), Continental Drift (Page-46), Sea Floor Spreading (Page-62), The Framework of Plate Tectonics (Page-76), Ocean Ridges (Page-103), Transform and Tran current Faults (Page-122), Seduction Zones (Page-138), Mountain Ranges (Page-174), Continental Rifts, Continental margins and Sedimentary basins (Page-209), The Mechanism of Plate Tectonics (Page-248), Implications of Plate Tectonics (Page-269). | ||
| 650 | 0 |
_aPlate tectonics _9100232 |
|
| 700 | 1 |
_aVine, F. J. _915227 |
|
| 856 | 4 | 1 |
_3Contributor biographical information _uhttp://www.loc.gov/catdir/enhancements/fy0802/95049623-b.html |
| 856 | 4 | 1 |
_3Publisher description _uhttp://www.loc.gov/catdir/enhancements/fy0802/95049623-d.html |
| 856 | 4 | 1 |
_3Table of contents only _uhttp://www.loc.gov/catdir/enhancements/fy0802/95049623-t.html |
| 942 |
_2ddc _cBK |
||
| 999 |
_c178393 _d178393 |
||